|
|
|
|
| LEADER |
01275nam a2200289 a 4500 |
| 001 |
GR-MES10216 |
| 008 |
060531s gr b 001 0 gre d |
| 020 |
|
|
|a 0764559036
|
| 040 |
|
|
|a GrPaTEI
|b gre
|c GR-PaULI
|
| 040 |
|
|
|a GrPaTEI
|b gre
|c GR-PaULI
|
| 100 |
1 |
|
|a DiGiacomo, Patricia
|
| 245 |
1 |
0 |
|a Access 2003 VBA Programmer' s reference /
|c Patricia Cardoza... [et. al.].
|
| 260 |
|
|
|a Hoboken, NJ :
|b Wiley,
|c c2004
|
| 300 |
|
|
|a xxi ,958σ. :
|b εικ. ;
|c 24εκ.
|
| 490 |
0 |
|
|a Programmer to programmer
|
| 504 |
|
|
|a Περιλαμβάνει βιβλιογραφίες και ευρετήριο.
|
| 630 |
0 |
0 |
|a Microsoft Access
|
| 650 |
|
0 |
|a Database management
|
| 650 |
|
0 |
|a MICROSOFT VISUAL BASIC
|
| 700 |
1 |
|
|a Hennig, Teresa
|
| 700 |
1 |
|
|a Seach, Graham
|
| 700 |
1 |
|
|a Stein, Armen
|
| 942 |
|
|
|2 ddc
|
| 952 |
|
|
|0 0
|1 0
|2 ddc
|4 0
|6 005_756000000000000_5_ACC
|7 0
|9 269777
|a MSLG
|b MSLG
|c BSC
|d 2021-01-17
|e 24
|f 0
|g 0.00
|l 0
|o 005.756 5 ACC
|p 2420000020039
|r 2021-01-17 00:00:00
|t 1
|w 2021-01-17
|y BK15
|x 20060726 0 1
|x GrPaTEI
|
| 952 |
|
|
|0 0
|1 0
|2 ddc
|4 0
|6 005_756000000000000_5_ACC
|7 0
|9 269778
|a MSLG
|b MSLG
|c BSC
|d 2021-01-17
|e 24
|f 0
|g 0.00
|l 0
|o 005.756 5 ACC
|p 2420000020172
|r 2021-01-17 00:00:00
|t 1
|w 2021-01-17
|y BK15
|x 20060531 0 1
|x GrPaTEI
|
| 971 |
|
|
|a .b25762631
|b 16-04-20
|c 13-09-16
|
| 999 |
|
|
|c 155725
|d 155725
|